=LDR 00000nam 2200000 4500 =001 INLIS000000000043374 =005 20131008103129 =008 ***********************************ind** =035 ##$$0010-101300000001296 =041 ##$$a ind =082 ##$$a 618.92 =090 ##$$a 618.92, Add k =100 ##$$a ADDY, DP =245 ##$$a Kesehatan anak 1-5 (childrens health 1-5), DP. Addy =260 ##$$a 1996 $b Jakarta =300 ##$$a vi, 151 hlm, ilus, 19 cm =650 ##$$a PENELITIAN PEDIARTRIKA =850 ##$$a NBPNMAT